Hikmat mukjizat Rasullullah S.A.W. / (Record no. 1324)
[ view plain ]
| 000 -LEADER | |
|---|---|
| fixed length control field | nam a22 a 4500 |
| 003 - CONTROL NUMBER IDENTIFIER | |
| control field | AKMAL |
| 005 - DATE AND TIME OF LATEST TRANSACTION | |
| control field | 20170509100645.0 |
| 008 - FIXED-LENGTH DATA ELEMENTS--GENERAL INFORMATION | |
| fixed length control field | 170509s1994 my 00 may d |
| 020 ## - INTERNATIONAL STANDARD BOOK NUMBER | |
| International Standard Book Number | 9839017780 (kkt.): |
| Terms of availability | RM 8.00 |
| 040 ## - CATALOGING SOURCE | |
| Original cataloging agency | AKMAL |
| Transcribing agency | AKMAL |
| 049 ## - LOCAL HOLDINGS (OCLC) | |
| Holding library | klpmal |
| 082 04 - DEWEY DECIMAL CLASSIFICATION NUMBER | |
| Classification number | 297.63 SAE |
| 090 ## - LOCALLY ASSIGNED LC-TYPE CALL NUMBER (OCLC); LOCAL CALL NUMBER (RLIN) | |
| Classification number (OCLC) (R) ; Classification number, CALL (RLIN) (NR) | 297.63 |
| Local cutter number (OCLC) ; Book number/undivided call number, CALL (RLIN) | SAE |
| 090 20 - LOCALLY ASSIGNED LC-TYPE CALL NUMBER (OCLC); LOCAL CALL NUMBER (RLIN) | |
| Classification number (OCLC) (R) ; Classification number, CALL (RLIN) (NR) | 297.63 |
| Local cutter number (OCLC) ; Book number/undivided call number, CALL (RLIN) | SAE |
| 100 1# - MAIN ENTRY--PERSONAL NAME | |
| Personal name | Hawwa, Sa'ed |
| 9 (RLIN) | 2607 |
| 245 10 - TITLE STATEMENT | |
| Title | Hikmat mukjizat Rasullullah S.A.W. / |
| Statement of responsibility, etc. | Sa'ed Hawwa ; diselenggarakan oleh Mohd. Nur Iman |
| 260 ## - PUBLICATION, DISTRIBUTION, ETC. | |
| Place of publication, distribution, etc. | Kuala Lumpur : |
| Name of publisher, distributor, etc. | Darul Nu'man, |
| Date of publication, distribution, etc. | 1994 |
| 300 ## - PHYSICAL DESCRIPTION | |
| Extent | xiv, 200ms. ; |
| Dimensions | 21cm |
| 600 00 - SUBJECT ADDED ENTRY--PERSONAL NAME | |
| Personal name | Muhammad, |
| Titles and other words associated with a name | Prophet, |
| Dates associated with a name | -632 |
| 9 (RLIN) | 1135 |
| 700 0# - ADDED ENTRY--PERSONAL NAME | |
| Personal name | Mohd. Nur Iman |
| 9 (RLIN) | 2608 |
| 942 ## - ADDED ENTRY ELEMENTS (KOHA) | |
| Source of classification or shelving scheme | |
| Koha item type | Book |
| Withdrawn status | Lost status | Source of classification or shelving scheme | Damaged status | Not for loan | Collection code | Home library | Current library | Date acquired | Inventory number | Total Checkouts | Full call number | Barcode | Date last seen | Price effective from | Koha item type |
|---|---|---|---|---|---|---|---|---|---|---|---|---|---|---|---|
| NON-FICTION | AKMAL Melaka | AKMAL Melaka | 09.05.2017 | 200787 | 297.63 SAE | 201702528 | 09.05.2017 | 09.05.2017 | Book |
